| 000 | 00429nam a22001577a 4500 | ||
|---|---|---|---|
| 005 | 20251108165915.0 | ||
| 008 | 250721s1993 xx 000 0 ara d | ||
| 082 | 1 | 4 | _aط/599/ثدي |
| 245 | 1 | 0 | _aالثدييات / |
| 264 | 1 |
_aالقاهرة : _bدار المعارف العربية، _c1993. |
|
| 300 | _a49ص | ||
| 490 | 0 | _aحقائق و تسالي ؛ 7 | |
| 650 | 1 | 7 | _aالثدييات |
| 942 |
_2ddc _cBK |
||
| 999 |
_c34460 _d34460 |
||